[Event "AUTO-INT-97"]
[Site "http://www.queenalice.com/game.php?id=71688"]
[Date "2006.5.25"]
[Round "1"]
[White "renard"]
[Black "nsh"]
[Result "0-1"]
[WhiteElo "1034"]
[BlackElo "1034"]

1. Na3 e5 2. Nc4 d6 3. c3 b5 4. Na5 c5 5. b4 d5 6. a4 a6 7. d4 exd4 8. Bf4 dxc3
9. Nb3 Qf6 10. Nh3 cxb4 11. Bg5 Qe5 0-1

[Event "AUTO-INT-97"]
[Site "http://www.queenalice.com/game.php?id=71689"]
[Date "2006.5.25"]
[Round "1"]
[White "nsh"]
[Black "renard"]
[Result "1-0"]
[WhiteElo "1015"]
[BlackElo "1034"]

1. h4 h6 2. Rh3 a6 3. e4 e6 4. e5 g5 5. hxg5 h5 6. Rxh5 Rxh5 7. Qxh5 Bb4 8. g6
f6 9. g7+ Ke7 10. Qh8 Nc6 11. exf6+ Kxf6 12. c3 1-0

[Event "QA-ANNIV-02"]
[Site "http://www.queenalice.com/game.php?id=76795"]
[Date "2006.6.15"]
[Round "1"]
[White "nsh"]
[Black "togoychess"]
[Result "0-1"]
[WhiteElo "973"]
[BlackElo "1867"]

1. e4 e6 2. d4 d5 3. Qh5 dxe4 4. Bb5+ c6 5. Bc4 Qxd4 6. Nd2 Bc5 7. Ne2 Qxf2+ 8.
Kd1 Qxg2 9. Re1 Bd6 10. Nxe4 Qxe4 11. b3 Nf6 12. Qg5 Qg6 13. Qe3 Bxh2 14. Bd2
Bd7 15. Bc3 Nd5 16. Rg1 Nxe3+ 17. Kd2 Nxc4+ 18. bxc4 Bxg1 19. Rxg1 Qh6+ 20. Kd1
f6 21. a4 Na6 22. a5 O-O-O 23. Bd4 c5 24. c3 cxd4 25. cxd4 Ba4+ 26. Ke1 Rxd4 27.
Nxd4 Qh4+ 28. Ke2 Qxd4 29. Rxg7 Qxc4+ 30. Kf3 e5 31. Rg4 Bd1+ 32. Kg3 Qxg4+ 33.
Kf2 Rd8 34. Ke3 Qe2# 0-1

[Event "AUTO-BEG-14"]
[Site "http://www.queenalice.com/game.php?id=79626"]
[Date "2006.6.23"]
[Round "1"]
[White "kingtaker"]
[Black "nsh"]
[Result "0-1"]
[WhiteElo "920"]
[BlackElo "1175"]

1. e4 e5 2. d4 Qh4 3. Bc4 Bb4+ 4. Bd2 Qxe4+ 5. Ne2 Qxg2 6. Rg1 Qh3 7. Bxb4 d6 8.
d5 Na6 9. Bb5+ c6 10. dxc6 bxc6 11. Bxc6+ Bd7 0-1

[Event "AUTO-BEG-14"]
[Site "http://www.queenalice.com/game.php?id=79627"]
[Date "2006.6.23"]
[Round "1"]
[White "nsh"]
[Black "kingtaker"]
[Result "1-0"]
[WhiteElo "1169"]
[BlackElo "926"]

1. e4 e6 2. e5 d5 3. d4 c5 4. c3 Qb6 5. a4 Nc6 6. Na3 Bd7 7. Nb5 cxd4 8. cxd4
Bb4+ 9. Bd2 Bxd2+ 10. Qxd2 Nge7 11. Nd6+ Kf8 12. Nf3 Nf5 13. Ne4 1-0

[Event "Challenge"]
[Site "http://www.queenalice.com/game.php?id=90304"]
[Date "2006.7.28"]
[Round "-"]
[White "hugo10"]
[Black "nsh"]
[Result "0-1"]
[WhiteElo "1249"]
[BlackElo "1179"]

1. d4 e6 2. c3 c5 3. dxc5 Bxc5 4. b4 Bb6 5. g3 Qf6 6. Nh3 d5 7. Bg2 Nh6 8. Bf4
Nc6 9. b5 Na5 10. e4 Nc4 11. O-O Nb2 12. Qd2 Nc4 13. Qe2 O-O 14. exd5 exd5 15.
Bxd5 Nd6 16. Ng5 Ng4 17. Nd2 Qxc3 18. h3 Nf6 19. Bxd6 Nxd5 20. Rac1 Qb2 21. Ne6
Bxe6 22. Nc4 Qxe2 23. Ne5 Bxh3 24. Rfe1 Qxa2 25. Nd7 Rad8 26. Re7 Qxf2+ 27. Kh1
Qg2# 0-1

[Event "Challenge"]
[Site "http://www.queenalice.com/game.php?id=90306"]
[Date "2006.7.28"]
[Round "-"]
[White "AAmorim"]
[Black "nsh"]
[Result "1-0"]
[WhiteElo "1538"]
[BlackElo "1181"]

1. e4 e6 2. Nf3 Bc5 3. Nc3 Nf6 4. d4 Bb4 5. Bd2 Qe7 6. Nb5 Na6 7. Nxc7+ Nxc7 8.
e5 Ne4 9. c3 Ba5 10. b4 Bb6 11. Bd3 Nxd2 12. Qxd2 O-O 13. Bc2 Nd5 14. Qd3 f6 15.
O-O Nf4 16. Qe4 Nd5 17. Qh4 Nxc3 18. Qxh7+ Kf7 19. Bg6# 1-0

[Event "QA-ANNIV-02"]
[Site "http://www.queenalice.com/game.php?id=90945"]
[Date "2006.7.31"]
[Round "2"]
[White "nsh"]
[Black "fpferreira"]
[Result "1-0"]
[WhiteElo "1213"]
[BlackElo "1494"]

1. e4 e5 2. Qh5 d6 3. Bb5+ Bd7 4. Bc4 Qe7 5. Nf3 g6 6. Qg5 h6 7. Qxe7+ Bxe7 8.
h4 h5 9. Nc3 Nc6 10. Nb5 O-O-O 11. Bxf7 Nf6 12. d3 Nb4 13. Nxa7+ Kb8 14. Be3
Nxc2+ 15. Kd2 Nxa1 16. Rxa1 Ng4 17. a4 Nxe3 18. Nb5 Nxg2 19. Rc1 c6 20. Nc3 Rhf8
21. Bxg6 Rxf3 22. Bxh5 Rxf2+ 23. Be2 Bxh4 24. b4 Bg5+ 25. Kc2 Bxc1 26. Kxc1 Rh8
27. Kb2 Ne3 28. Kb3 Nd5 29. exd5 Rf4 30. dxc6 Bxc6 31. b5 Bf3 32. a5 Bxe2 33.
Nxe2 Rf2 34. Ng3 Rh3 35. Nf5 Rxd3+ 36. Kc4 Rff3 37. Nxd6 Rxd6 38. Kc5 Rfd3 39.
b6 e4 40. Kb5 e3 41. a6 e2 42. a7+ Ka8 43. Kc5 e1=Q 44. Kc4 1-0

[Event "Challenge"]
[Site "http://www.queenalice.com/game.php?id=92463"]
[Date "2006.8.4"]
[Round "-"]
[White "nsh"]
[Black "delinquente"]
[Result "0-1"]
[WhiteElo "1198"]
[BlackElo "1322"]

1. e4 e6 2. e5 d6 3. d4 c6 4. c3 Nh6 5. Qh5 Qe7 6. Nf3 g6 7. Qh3 Na6 8. Bxh6 f5
9. exf6 Qxf6 10. Nbd2 c5 0-1

[Event "Challenge"]
[Site "http://www.queenalice.com/game.php?id=101210"]
[Date "2006.8.31"]
[Round "-"]
[White "R_Mutt"]
[Black "nsh"]
[Result "1-0"]
[WhiteElo "1376"]
[BlackElo "1215"]

1. e3 e5 2. Qh5 Qe7 3. f4 Nf6 4. Qxe5 Qxe5 5. fxe5 Ne4 6. Bc4 f6 7. Nf3 c6 8.
Nc3 d5 9. d3 Nxc3 10. Bb3 Nb5 11. c4 Bb4+ 12. Bd2 Na6 13. O-O Bg4 14. Be1 O-O
15. cxb5 cxb5 16. Bxd5+ Rf7 17. Rc1 Rd8 18. Bb3 Nc5 19. Nd4 Nxd3 20. e6 Re7 21.
Bc3 a5 22. Bxb4 Nxb4 23. h3 a4 24. Bd5 Nd3 25. Rc7 Nb4 26. Rxe7 Nxd5 27. Rd7 Rc8
28. hxg4 Nxe3 29. Nf5 Nxf1 30. Ne7+ Kf8 31. Nxc8 Ke8 32. Nd6+ Kf8 33. e7+ Kg8
34. Rd8# 1-0

[Event "AUTO-INT-97"]
[Site "http://www.queenalice.com/game.php?id=102330"]
[Date "2006.9.4"]
[Round "2"]
[White "Girb"]
[Black "nsh"]
[Result "1-0"]
[WhiteElo "1887"]
[BlackElo "1202"]

1. d4 e6 2. c4 Qh4 3. Nf3 Qe4 4. Nc3 Bb4 5. e3 g5 6. Bd2 Qf5 7. e4 Qa5 8. a3 Nc6
9. axb4 Qxb4 10. Nd5 Qxb2 11. Nxc7+ Ke7 12. Nxa8 Nb4 13. Bxg5+ f6 14. Rb1 Qa3
15. Bc1 Qc3+ 16. Qd2 Nc2+ 17. Kd1 Qxd2+ 18. Bxd2 Na3 19. Bb4+ d6 20. Bxa3 Bd7
21. e5 Ba4+ 22. Kd2 Nh6 23. exd6+ Kd7 24. Rxb7+ Kc6 25. Rc7# 1-0

[Event "AUTO-INT-97"]
[Site "http://www.queenalice.com/game.php?id=102331"]
[Date "2006.9.4"]
[Round "2"]
[White "nsh"]
[Black "Girb"]
[Result "0-1"]
[WhiteElo "1204"]
[BlackElo "1885"]

1. Nc3 d5 2. e4 Nf6 3. Bb5+ c6 4. Ba4 e5 5. d3 d4 6. Nce2 Qa5+ 7. c3 dxc3 8.
bxc3 Bg4 9. f3 Bh5 10. g4 Bg6 11. Rb1 b5 12. Qb3 bxa4 13. Qb7 Bd6 14. Qxa8 O-O
15. g5 Nfd7 16. Qxc6 Nxc6 17. Rb7 Nc5 18. Rb2 Nxd3+ 19. Kd1 Nf2+ 20. Kc2 Qa6 21.
Be3 Qd3+ 22. Kc1 Qd1# 0-1

[Event "Challenge"]
[Site "http://www.queenalice.com/game.php?id=103117"]
[Date "2006.9.6"]
[Round "-"]
[White "hugohuguito"]
[Black "nsh"]
[Result "0-1"]
[WhiteElo "1212"]
[BlackElo "1187"]

1. e4 e5 2. d4 Qh4 3. g3 Qxe4+ 4. Qe2 Qxh1 5. Bg5 Qxg1 6. Nc3 Nc6 7. d5 Nd4 8.
Qxe5+ Be7 9. d6 Nxc2+ 10. Kd2 Qxf2+ 11. Qe2 Qxe2+ 12. Nxe2 Nxa1 13. dxe7 h6 14.
Bh4 g5 15. Nf4 c6 16. Bc4 Nxe7 0-1

[Event "Challenge"]
[Site "http://www.queenalice.com/game.php?id=103784"]
[Date "2006.9.8"]
[Round "-"]
[White "hugo10"]
[Black "nsh"]
[Result "0-1"]
[WhiteElo "1169"]
[BlackElo "1200"]

1. e4 e5 2. Qf3 b5 3. c4 a6 4. Nc3 c6 5. a4 d5 6. cxb5 axb5 7. axb5 Rxa1 8. Kd1
Nd7 9. exd5 Nc5 10. dxc6 Nb3 11. Bc4 Rxc1+ 12. Ke2 Nd4+ 13. Kd3 Nxf3+ 14. Ke2
Nxg1+ 15. Ke3 Qg5+ 16. Ke4 Nf6+ 17. Kd3 Bf5+ 18. Ne4 Nxe4 19. b6 Nxf2# 0-1

[Event "QA-ANNIV-02"]
[Site "http://www.queenalice.com/game.php?id=106401"]
[Date "2006.9.15"]
[Round "3"]
[White "adlerburg"]
[Black "nsh"]
[Result "1-0"]
[WhiteElo "1608"]
[BlackElo "1215"]

1. e4 e5 2. Nf3 Bd6 3. d4 Qe7 4. Bc4 Bb4+ 5. c3 Bd6 6. Ng5 Kd8 7. Nxf7+ Ke8 8.
Bg5 Qf8 9. dxe5 h6 10. Nxh8 hxg5 11. Qh5+ g6 12. Qxg6+ Kd8 13. exd6 Ne7 14.
dxe7+ Qxe7 15. Qg8+ Qe8 16. Nf7+ Ke7 17. Qxg5+ Kf8 18. Qf4 d6 19. Nxd6+ Ke7 20.
Nxe8 Kxe8 21. O-O Nd7 22. Rd1 a6 23. Bf7+ Ke7 24. Rd5 b5 25. Bg6 c6 26. Qd6+ Kd8
27. Rh5 c5 28. Rh8# 1-0

[Event "QA-ANNIV-02"]
[Site "http://www.queenalice.com/game.php?id=128206"]
[Date "2006.11.11"]
[Round "4"]
[White "dlabedz"]
[Black "nsh"]
[Result "0-1"]
[WhiteElo "1316"]
[BlackElo "1257"]

1. d4 e5 2. d5 Qh4 3. g3 Qe4 4. Nc3 Qxh1 5. Nf3 e4 6. Nxe4 Bb4+ 7. c3 Nf6 8. Qd4
Ng4 9. Nf6+ gxf6 10. cxb4 h5 11. e3 d6 12. Qe4+ Ne5 13. Ke2 Bd7 14. Bd2 Bb5+ 15.
Ke1 Qxf1# 0-1

[Event "Challenge"]
[Site "http://www.queenalice.com/game.php?id=131596"]
[Date "2006.11.20"]
[Round "-"]
[White "claudiocaire"]
[Black "nsh"]
[Result "0-1"]
[WhiteElo "1509"]
[BlackElo "1230"]

1. e4 d5 2. e5 d4 3. Qf3 e6 4. Nh3 h6 5. Bc4 Nc6 6. Qxf7+ Kxf7 7. O-O Nxe5 8.
Be2 g5 9. c3 g4 10. Nf4 d3 11. Bd1 h5 12. f3 g3 13. hxg3 h4 14. gxh4 Qxh4 15.
Nh3 Bc5+ 16. Kh2 Nf6 17. g3 Qh6 18. f4 Qxh3# 0-1

[Event "QA-ANNIV-02"]
[Site "http://www.queenalice.com/game.php?id=150536"]
[Date "2007.1.5"]
[Round "5"]
[White "nsh"]
[Black "gvbarbosa"]
[Result "0-1"]
[WhiteElo "1275"]
[BlackElo "1826"]

1. d4 Nf6 2. d5 g6 3. Qd4 Bg7 4. e4 d6 5. Qa4+ Bd7 6. Bb5 O-O 7. Nc3 c6 8. dxc6
bxc6 9. h4 cxb5 10. Nxb5 Nxe4 11. Be3 Bxb2 12. Rb1 Bc3+ 13. Nxc3 Bxa4 14. Nxe4
Bxc2 15. Nd2 Bxb1 16. Nxb1 Qa5+ 17. Bd2 Qxa2 18. Nc3 Nd7 19. Nxa2 Rab8 20. Nc3
Rfc8 21. Nge2 a5 22. f4 e5 23. f5 Nf8 24. h5 gxf5 25. g4 fxg4 26. Rf1 Ne6 27.
Nd5 Rc2 28. Nf6+ Kh8 29. Kd1 Rbb2 30. Bc1 Ra2 31. Rg1 Rxe2 32. Rxg4 Rg2 33. Re4
Nf4 34. Ne8 Nd3 35. Re3 Rg1+ 36. Re1 Rxe1# 0-1